Normal view
MARC view
Entry Topical Term
001 - CONTROL NUMBER
- control field: 3644
003 - CONTROL NUMBER IDENTIFIER
- control field: ARRUPE
005 - DATE AND TIME OF LATEST TRANSACTION
- control field: 20131121173158.0
008 - FIXED-LENGTH DATA ELEMENTS
- fixed length control field: 131121|| aca||aabn | a|a d
040 ## - CATALOGING SOURCE
- Original cataloging agency: ARRUPE
- Transcribing agency: ARRUPE
150 ## - HEADING--TOPICAL TERM
- Topical term or geographic name as entry element: Women in church work.
670 ## - SOURCE DATA FOUND
- Source citation: Work cat.: (ARRUPE)0: Swift, Helen. 3642, Unveiling the feminine face of the church :, c1989.